| 000 | 01150cam a22003377a 4500 | ||
|---|---|---|---|
| 001 | 12177956 | ||
| 003 | BD-DhUL | ||
| 005 | 20170514152520.0 | ||
| 008 | 970707s1996 enka 001 0ceng d | ||
| 010 | _a 00344595 | ||
| 015 | _aGB97-34082 | ||
| 020 | _a0850525071 | ||
| 035 | _a(MH)MHBIE10342HU | ||
| 035 | _a(OCoLC)36916573 | ||
| 035 | _a(CStRLIN)MAHGBIE10342-B | ||
| 040 |
_a*UKM* _cBD-DhUL _dCStRLIN _dBD-DhUL |
||
| 042 | _alccopycat | ||
| 043 | _ae-uk--- | ||
| 050 | 0 | 0 |
_aD810.S45 _bG728 1996 |
| 082 | 0 | 0 |
_a551.48 _221 _bDRO |
| 100 | 2 | _aBurtt-Smith, Jim. | |
| 245 | 1 | 2 |
_aA drop in the ocean : _bdramatic accounts of aircrew saved from the sea / _cby Jim Burtt-Smith, John French. |
| 260 |
_aLondon : _bLeo Cooper, _c1996. |
||
| 300 |
_a176 p. : _bill. ; _c24 cm. |
||
| 500 | _aIncludes index. | ||
| 650 | 0 |
_aWorld War, 1939-1945 _xAerial operations, British. |
|
| 700 | 1 |
_aFrench, John, _d1919- |
|
| 906 |
_a7 _bcbc _ccopycat _d3 _encip _f19 _gy-gencatlg |
||
| 942 |
_2ddc _cBK |
||
| 955 | _anb05 to HLCD 9/18/2000; jb00 to Tech 10-26-00; jg00 10-31-00; jg01 04-19-01; jg16 05-01-01; jg07 05-07-01; to Dewey 05-07-01; aa05 05-15-01 | ||
| 999 |
_c195808 _d195808 |
||